Marvel and DC Superhero Movies - Statistics

General Stats
  • This quiz has been taken 973 times
  • The average score is 32 of 65
Answer Stats
Hint Answer % Correct
Began first film series other than Superman Batman
94%
Released as part of the Batman TV show Batman: the Movie
94%
Began the first superhero film series Superman
92%
Debut of the "Marvel Cinematic Universe" Iron Man
86%
First superhero team movie X-men
85%
Set during World War II Captain America: the First Avenger
84%
Stars a teenage superhero with bug-like powers Spider-man
83%
Superhero cross-over movie Marvel's the Avengers
80%
Starring the green rage monster Hulk
77%
Superhero movie relating to Norse mythology Thor
77%
Superhero movie that won the most Oscars The Dark Knight
75%
3rd Marvel Cinematic Universe Installment Iron Man 2
70%
"Mutant" sequel X2
69%
reboot of the Batman film series Batman Begins
64%
Stars 4 different superheroes Fantastic Four
64%
COMING SOON: in post-production Fantastic Four (reboot)
64%
A stunt motorcyclist who's head turns on fire Ghost Rider
64%
The begining of Marvel studios "phase 2" Iron Man 3
64%
First ever superhero movie sequel Superman II
64%
End of the Dark Knight trilogy The Dark Knight Rises
64%
Reboot of the Superman film series Man of Steel
62%
Critical failure; caused film series to end Batman & Robin
61%
Marvel movie with the movie Oscar nominations Spider-man 2
61%
End of a Marvel comics trilogy Spider-man 3
61%
Reboot of the Spider-man film series The Amazing Spider-man
59%
debut of characters like Beast, Angel, Juggernaut X-men: The Last Stand
59%
Follow up to X-men: the Last Stand The Wolverine
56%
First Marvel movie to not get a sequel Daredevil
55%
2nd movie from Marvel studios The Incredible Hulk
54%
First film in the series to star Robin Batman Forever
53%
Stars iconic villains Penguin and Catwoman Batman Returns
53%
First anti-hero movie The Punisher
52%
8th installment in the Marvel Cinematic Universe Thor: the Dark World
51%
2nd "sequel" to Superman II Superman Returns
48%
First real Marvel superhero movie Blade
46%
Stars the Silver Surfer Fantastic Four: Rise of the Silver Surfer
46%
Space opera involving a new superhero team Guardians of the Galaxy
46%
Marvel prequel film X-men: First Class
46%
Spinoff from Daredevil movie; critical failure Elektra
45%
COMING SOON: in post-production Avengers: Age of Ultron
44%
Sequel now in present day Captain America: the Winter Soldier
44%
X-men Spinoff; critical failure X-men Origins: Wolverine
42%
Critical failure; killed the series for 17 years Superman IV: The Quest for Peace
41%
Time travel erases previous movies in the series X-men: Days of Future Past
41%
Another well-known DC comic superhero Green Lantern
40%
COMING SOON: filiming Ant-man
39%
5th movie of this Superhero The Amazing Spider-man 2
39%
First Marvel superhero sequel movie Blade II
38%
COMING SOON: filming Batman v. Superman: Dawn of Justice
35%
End of the first superhero trilogy Blade: Trinity
35%
Motorcycle sequel Ghost Rider: Spirit of Vengeance
35%
Spinoff from the Superman films, Box office failure Supergirl
35%
COMING SOON: announced Justice League
34%
Punisher reboot Punisher: War Zone
29%
COMING SOON: pre-production Doctor Strange
28%
3rd movie of its series Superman III
28%
COMING SOON: pre-production X-men: Apocalypse
22%
COMING SOON: pre-production Captain America 3
20%
COMING SOON: announced Guardians of the Galaxy 2
16%
First non Superman/Batman DC superhero movie Watchmen
11%
Released as part of the Superman TV show Superman and the Mole Men
9%
COMING SOON: announced The Amazing Spider-man 3
8%
COMING SOON: pre-production The Sinister Six
4%
COMING SOON: announced Wolverine (sequel)
2%
COMING SOON: announced Fantastic Four (sequel)
1%
No matching quizzes found
Score Distribution
Percent of People with Each Score
Percentile by Number Answered
Your Score History
You have not taken this quiz